000 00951nam a2200253Ia 4500
003 OSt
005 20221005113103.0
006 a|||||r|||| 00| 0
007 ta
008 221004b |||||||| |||| 00| 0 pan d
020 _a81876542358 (hbk)
_c490
024 _a2104
037 _b190, 04/01/2013, Orange Books International
_cTextual
040 _aCRL
_cCRL
_bpan
041 _2pan
_apan
082 _aQ8441xK70, 153Q2
100 _aਸਾਗੂ, ਹਰਬੰਸ ਕੌਰ, ਥਦ.
245 0 _aਬਾਬਾ ਬੰਦਾ ਸਿੰਘ ਬਹਾਦਰ ਜੀਵਨ ਤੇ ਪ੍ਰਾਪਤੀਆਂ
260 _aਦਿੱਲੀ
_bਮਨਪ੍ਰੀਤ ਪ੍ਰਕਾFਨ ਭਾਰਤ
_c2012
300 _a319ਪੰ
_ccm.
650 _aਧਰਮ
942 _hQ8441xK70, 153Q2
_cTEXL
_2cc
999 _c1026999
_d1026999